<?xml version="1.0" encoding="UTF-8"?>
<record
    xmlns:xsi="http://www.w3.org/2001/XMLSchema-instance"
    xsi:schemaLocation="http://www.loc.gov/MARC21/slim http://www.loc.gov/standards/marcxml/schema/MARC21slim.xsd"
    xmlns="http://www.loc.gov/MARC21/slim">

  <leader>00583nam a2200169Ia 4500</leader>
  <controlfield tag="008">090711s9999    xx            000 0 und d</controlfield>
  <datafield tag="082" ind1=" " ind2=" ">
    <subfield code="b">60374</subfield>
  </datafield>
  <datafield tag="100" ind1=" " ind2=" ">
    <subfield code="a">&#x91F;&#x94B;&#x933; &#x926;&#x924;&#x94D;&#x924;&#x93E; &#x936;&#x94D;&#x930;&#x940;.</subfield>
  </datafield>
  <datafield tag="245" ind1=" " ind2=" ">
    <subfield code="a">&#x90F;&#x915;&#x94D;&#x92F;&#x93E; &#x935;&#x947;&#x921;&#x94D;&#x92F;&#x93E;&#x928;&#x947; &#x90F;&#x915;&#x926;&#x93E;....</subfield>
  </datafield>
  <datafield tag="260" ind1=" " ind2=" ">
    <subfield code="c">1966</subfield>
  </datafield>
  <datafield tag="300" ind1=" " ind2=" ">
    <subfield code="a">80</subfield>
  </datafield>
  <datafield tag="600" ind1=" " ind2=" ">
    <subfield code="a">&#x91F;&#x94B;&#x933; &#x926;&#x924;&#x94D;&#x924;&#x93E; &#x936;&#x94D;&#x930;&#x940;.</subfield>
  </datafield>
  <datafield tag="630" ind1=" " ind2=" ">
    <subfield code="a">&#x90F;&#x915;&#x94D;&#x92F;&#x93E; &#x935;&#x947;&#x921;&#x94D;&#x92F;&#x93E;&#x928;&#x947; &#x90F;&#x915;&#x926;&#x93E;....</subfield>
  </datafield>
  <datafield tag="700" ind1=" " ind2=" ">
    <subfield code="a">&#x91F;&#x94B;&#x933; &#x926;&#x924;&#x94D;&#x924;&#x93E; &#x936;&#x94D;&#x930;&#x940;.</subfield>
  </datafield>
  <datafield tag="730" ind1=" " ind2=" ">
    <subfield code="a">&#x90F;&#x915;&#x94D;&#x92F;&#x93E; &#x935;&#x947;&#x921;&#x94D;&#x92F;&#x93E;&#x928;&#x947; &#x90F;&#x915;&#x926;&#x93E;....</subfield>
  </datafield>
  <datafield tag="942" ind1=" " ind2=" ">
    <subfield code="c">BOOK</subfield>
  </datafield>
  <datafield tag="999" ind1=" " ind2=" ">
    <subfield code="c">320601</subfield>
    <subfield code="d">320601</subfield>
  </datafield>
</record>
